Anglizismus des Jahres (2010-2021, mit Hinweis) - Statistiken

Allgemein
  • Dieses Quiz wurde 33 mal gespielt
  • Das Durchschnittsergebnis liegt bei 5 aus 12
Antwortstatistiken
Jahr Hinweis Anglizismus % Korrekt
2013 Suffix für Skandale, abgeleitet von Nixons Water___-Affäre -gate
77%
2010 Verb für vertrauliche Informationen veröffentlichen Leaken
74%
2016 Betreibt z.B. Trump in den Medien Fake News
68%
2017 Jemand, der mit dem eigenen Vermarkten in Sozialen Medien arbeitet Influencer
65%
2011 Massenhafte Empörung im Internet gegen eine Person Shitstorm
65%
2020 Massnahme gegen die Ausbreitung von Corona Lockdown
55%
2012 Finanzierung solidarischer Projekte durch viele Personen Crowdfunding
52%
2014 Rassistische Darstellung Schwarzer Menschen durch Weisse Menschen Blackfacing
35%
2015 Spruch der Willkommenskultur gegenüber Flüchtenden Refugees Welcome
26%
2019 Abgeleitet von einer Klimabewegung … for future
6%
2018 Mittel der geschlechtsneutralen Sprache Gendersternchen
6%
2021 Massnahme gegen die Ausbreitung von Corona Boostern
0%
Keine übereinstimmenden Quizze gefunden
Verteilung der Resultate
Anzahl Personen mit jedem Resultat
Perzentil nach korrekt beantworteten Fragen
Ihre Resultats-Entwicklung
Sie haben dieses Quiz noch nicht gespielt